000 00672nam a2200253 i 4500
001 bgj
100 1 _aPÜTZ, Peter.
245 1 0 _aDie deutsche Aufklärung /
_cPeter Pütz.
250 _aWyd. 2.
260 _aDarmstadt :
_bWissenshaftliche Buchgesellschaft,
_c1979.
300 _aVII, 204 s. ;
_c20 cm.
490 1 _aErträge der Forschung
_vBd. 81
504 _aBibliogr. 191-193. Indeks.
650 9 _aLiteratura niemiecka
830 _aErträge der Forschung
020 _a353406092X
040 _cBPK
041 0 _ager
044 _aDEU
080 _a821.112.2
920 _a3-534-06092-X
942 _cKS
008 s gw f |000 0 ger
999 _c50440
_d50440
856 _uhttp://koha.tu.koszalin.pl/cgi-bin/koha/opac-detail.pl?biblionumber=50440
_yKatalog online BPK